Clave de los ejercicios del maestro de inglés : (Record no. 167662)

MARC details
000 -LEADER
campo de control de longitud fija 00985nam a22001935i 4500
001 - NÚMERO DE CONTROL
campo de control 167662
003 - IDENTIFICADOR DE NÚMERO DE CONTROL
campo de control ES-MaACL
005 - FECHA Y HORA DE LA ÚLTIMA TRANSACCIÓN
campo de control 20230906213554.0
008 - DATOS DE LONGITUD FIJA--INFORMACIÓN GENERAL
campo de control de longitud fija 960520s1869 xxu |||| | spa d
100 1# - ENTRADA PRINCIPAL--NOMBRE DE PERSONA
Nombre de persona Vingut, Francisco Javier.
9 (RLIN) 133785
245 10 - MENCIÓN DEL TÍTULO
Título Clave de los ejercicios del maestro de inglés :
Resto del título completo método práctico para aprender a leer, escribir y hablar la lengua inglesa según el sistema de Ollendorff /
Mención de responsabilidad, etc. por D. Francisco Javier Vingut.
250 ## - MENCION DE EDICION
Mención de edición Ed. enteramente refundida, corr. y notablemente aum.
Resto de la mención de edición por D. I. de Veitelle.
260 ## - PUBLICACIÓN, DISTRIBUCIÓN, ETC.
Lugar de publicación, distribución, etc. Nueva York :
Nombre del editor, distribuidor, etc. George R. Lockwood,
Fecha de publicación, distribución, etc. 1869.
300 ## - DESCRIPCIÓN FÍSICA
Extensión 161, 66, 8 p. ;
Dimensiones 20 cm.
597 ## - NOTA DE DESCRIPCIÓN FÍSICA
NOTA DE DESCRIPCIÓN FÍSICA Enc. con: "Catálogo de los libros españoles... George R. Lockwood", 1870 (66 p.) y "Libros de texto... George R. Lockwood", 1870 (8 p.)
650 #4 - PUNTO DE ACCESO ADICIONAL DE MATERIA--TÉRMINO DE MATERIA
Término de materia o nombre geográfico como elemento de entrada Lengua inglesa-
Subdivisión de forma Ejercicios prácticos.
9 (RLIN) 167178
700 1# - ENTRADA AGREGADA--NOMBRE PERSONAL
Nombre de persona Veitelle, I. de.
9 (RLIN) 133588
852 4# - LOCALIZACIÓN
Ubicación ES-MaACL
Número de control de estantería C-2496
Nota libre - Enc. hol.
-- - Legado Modesto de la Fuente
Holdings
Estatus retirado Estado de pérdida Estado de daño No para préstamo Colección Biblioteca de origen Biblioteca actual Ubicación en estantería Fecha de adquisición Fuente de adquisición Total de préstamos Signatura topográfica completa Código de barras Visto por última vez Precio de reemplazo Tipo de ítem Koha
        Libros del s. XIX Biblioteca del Ateneo de Madrid Biblioteca del Ateneo de Madrid Sala Palomar 17/01/2008     C-2496 1175896 23/02/2023 23/02/2023 Libro impreso antiguo